L'amore oltre la vita : l'ipnosi regressiva e il segreto della reincarnazione /

Uloženo v:
Podrobná bibliografie
Hlavní autor: Bona, Angelo (Autor)
Další autoři: Parsi, Maria Rita
Médium: Kniha
Jazyk:italština
Vydáno: Milano : Oscar Mondadori, 2004
Edice:Nuovi misteri ; 82
Témata:
Tagy: Přidat tag
Žádné tagy, Buďte první, kdo vytvoří štítek k tomuto záznamu!

MARC

LEADER 00000nam a2200000 i 4500
001 IT\ICCU\UBO\2484093
003 ItRI
005 20240806102404.0
008 040701s2004 it |||||| ||||| |||||c
015 |2 IT  |a 2005-1215 
020 |a 9788804529026 (5. rist. 2007) 
040 |b ita  |c CDM 
041 7 |a ita  |2 ISO-639-2 
082 |a 133.9013  |2 21 
100 1 |a Bona, Angelo  |0 IT\ICCU\BVEV\089052  |4 aut 
245 1 2 |a L'amore oltre la vita :  |b l'ipnosi regressiva e il segreto della reincarnazione /  |c Angelo Bona ; presentazione di Maria Rita Parsi. 
260 |a Milano :  |b Oscar Mondadori,  |c 2004 
300 |a 231 p. ;  |c 20 cm. 
650 7 |a Reincarnazione 
700 1 |a Parsi, Maria Rita  |0 IT\ICCU\CFIV\043411 
830 0 |a Nuovi misteri ;  |v 82  |0 IT\ICCU\RAV\0275306 
942 |2 ddc  |c BK 
952 |0 0  |1 0  |2 ddc  |4 0  |6 133_901300000000000_BON_AMO  |7 1  |9 1776  |a RA  |b RA  |d 2024-08-06  |l 0  |o 133.9013 BON AMO  |p 9373  |r 2024-08-06 10:24:35  |w 2024-08-06  |y BK 
981 1 |6 z01  |a i   |b xxxe  
982 1 |6 z01  |a n 
999 |c 1589  |d 1589